00511nam a2200157Ia 4500003000900000008004100009020002200050040001600072080001900088100001700107245011000124260004200234300001500276650001400291650004800305IN-BaIIA211028s9999 xx 000 0 eng d a978-3-527-40678-4 cIIA Library a929:5/6/6bBAD aBadge, Peter 0aNobel faces: a gallery of nobel prize winnerscPeter Badge  aWeinheimbWiley-VCH Verlag Gmbhc2008 avii, 621p. aBiography aCollective biography of Nobel prize winners